Rasa Cemburu : Mengapa Terjadi, Bagaimana Mengatasinya
| Main Author: | |
|---|---|
| Format: | Book |
| Published: |
Jakarta, Indonesia :
Penerbit Arcan ,
(c)1985
|
| Subjects: |
MARC
| LEADER | 00000cam a2200000 7i4500 | ||
|---|---|---|---|
| 001 | 0000110636 | ||
| 005 | 20141224.0 | ||
| 008 | 141224 bm | ||
| 090 | 0 | 0 | |a 150 HAU |
| 100 | 1 | |a Hauck, Paul, Dr | |
| 245 | 1 | 0 | |a Rasa Cemburu : |b Mengapa Terjadi, Bagaimana Mengatasinya |c Dr Paul Hauck |
| 260 | |a Jakarta, Indonesia : |b Penerbit Arcan , |c (c)1985 | ||
| 300 | |a 168p. ; |c 19cm. | ||
| 650 | 0 | 0 | |a Psychology |
| 999 | |a 0000283742 |b Carta |c Rak Terbuka |e Perpustakaan Cawangan Jasin | ||